| 000 | 00617cas a22002175a 4500 | ||
|---|---|---|---|
| 001 | L121202 | ||
| 008 | 030131c2001 xxkqr p a eng u | ||
| 035 | _a(Sirsi) u121202 | ||
| 041 | _aeng | ||
| 110 | 2 |
_aRoyal Institution of Chartered Surveyors _bYorkshire and Humber _95185 |
|
| 240 | _aYorkshire Regional News | ||
| 245 | _aYorkshire and Humber Regional News | ||
| 260 |
_aLeeds _bRICS _c[200?]- |
||
| 362 | 0 | _aAutumn 2001-New Year 2004 | |
| 554 | _aFour per year | ||
| 650 | _aYORKSHIRE | ||
| 650 | _aHUMBERSIDE | ||
| 651 | 4 | _aYORKSHIRE AND THE HUMBER | |
| 690 | _aPROFESSIONAL PRACTICE | ||
| 942 | _n0 | ||
| 999 |
_c118766 _d118766 |
||